| 000 | 00798nam a2200229 a 4500 | ||
|---|---|---|---|
| 005 | 20210223125056.0 | ||
| 008 | 030820s2002 mx r 000 0 spa d | ||
| 020 | _a9701507606 | ||
| 035 | _aUPN01000128030 | ||
| 049 | _aCG | ||
| 050 | 4 |
_aQA76.9 D3 _bB3.6 |
|
| 245 | 0 | 0 |
_aBases de datos : _bdesde Chen hasta Codd con Oracle / _cIrene Luque Ruiz ... [et al.]. |
| 260 |
_aMéxico : _bAlfaomega : _bRA-MA, _cc2002. |
||
| 300 |
_a422 p. + _e1 CD-ROM ; 4 3/4 plg. |
||
| 500 | _a"Incluye CD-ROM con los ejercicios del libro" | ||
| 500 | _a"Usuarios de bases de datos, nivel medio" | ||
| 650 | 4 |
_aORACLE (ARCHIVO PARA COMPUTADORA) _97569 |
|
| 650 | 4 |
_aSISTEMAS OPERATIVOS (COMPUTADORAS) _95927 |
|
| 650 | 4 |
_aDISEÑO DE BASES DE DATOS _93339 |
|
| 700 | 1 |
_aLuque Ruiz, Irene, _ecoaut. |
|
| 905 | _aLibro | ||
| 999 |
_c100209 _d100209 |
||